On the Left - Statistics

General Stats
  • This quiz has been taken 14 times
  • The average score is 9 of 15
Answer Stats
Picture Answer % Correct
Che Guevara
100%
Fidel Castro
100%
Joseph Stalin
100%
Mao Zedong
100%
Mikhail Gorbachev
100%
Vladimir Lenin
100%
Karl Marx
83%
Ho Chi Minh
67%
Leon Trotsky
67%
Naomi Klein
42%
Rosa Luxemburg
25%
Emma Goldman
8%
Helen Keller
8%
Noam Chomsky
8%
Bernadette Devlin
0%
No matching quizzes found
Score Distribution
Percent of People with Each Score
Percentile by Number Answered
Your Score History
You have not taken this quiz